| 000 | 01421nam a2200337 a 4500 | ||
|---|---|---|---|
| 999 |
_c474606 _d474606 |
||
| 003 | BLK | ||
| 005 | 20240124173333.0 | ||
| 008 | 180409b bul|||||r ||||||| ||bul|| | ||
| 020 | _a9786197659238 | ||
| 020 | _a9786197659245 | ||
| 040 | _aBLK | ||
| 041 |
_aBUL _cBUL |
||
| 080 |
_aБългарска литература _b821.163.2 _x-93-34 _z821.163.2-93-34 |
||
| 100 |
_aАвгарски, Георги Иванов _eпърви автор _9364746 |
||
| 139 |
_aАвгарски, Георги Иванов и др. _bА 17 |
||
| 245 | 1 | 0 | _aМунка малката маймунка и други приказки с картинки от художника Стоян Анастасов. |
| 257 | _aBGR | ||
| 260 |
_aСофия _bМиранда _c2022 _9220232 _f(Китай) _n978-619-7078- |
||
| 300 |
_a56 с. _bс цв. ил. _c31 см |
||
| 380 | _aDX | ||
| 500 | _aЗа ил., авт.: с. 2. | ||
| 505 |
_rАвгарски, Георги _tПатилата на малкия Медунчо |
||
| 505 |
_rЗидаров, Николай _tМунка малката маймунка |
||
| 505 |
_rМилева, Леда _tСиводрешко и Бързобежко |
||
| 700 |
_aАнастасов, Стоян _eил. _9261701 |
||
| 852 |
_aЦб ІІ 31296 _bЦб |
||
| 856 |
_i0.00 _ldisable |
||
| 942 |
_cKNG _n0 _s1 _07 |
||
| 944 |
_aCR _c2022-09-29 _k30543 _lИва Цветкова |
||
| 999 | _d474606 | ||